000 00396nam a2200157Ia 4500
005 20240711131214.0
008 240126s9999 xx 000 0 und d
022 _a0972-2629
082 _aCentral Library
100 _aSajal Ghosh
245 0 _aVision : The Journal of Business Perspective
260 _bSage Publication
_aGurgaon
650 _aVision,(2006,-
942 _cJN
942 _s1
999 _c257917
_d257917